| 000 | 00511nam a22001457a 4500 | ||
|---|---|---|---|
| 082 | _a621 | ||
| 100 |
_aAtif, Zafeer _9122426 |
||
| 245 |
_aOptimazation of Hybrid Indirect Direct Evaporating HIDEC Cooling System / _cZafeer Atif |
||
| 264 |
_aIslamabad : _bSMME- NUST; _c2022. |
||
| 300 |
_a67p. _bSoft Copy _c30cm |
||
| 650 |
_aMS Mechanical Engineering _9119495 |
||
| 700 |
_aSupervisor : Dr. waqas khalid _9119579 |
||
| 856 | _uhttp://10.250.8.41:8080/xmlui/handle/123456789/30721 | ||
| 942 |
_2ddc _cTHE |
||
| 999 |
_c608921 _d608921 |
||